| 000 | 00861nam a22002177a 4500 | ||
|---|---|---|---|
| 999 |
_c10954 _d10954 |
||
| 003 | AR-CdUCM | ||
| 008 | 190402b ||||| |||| 00| 0 spa d | ||
| 040 |
_aMUNICIPALIDAD PROVINCIAL DEL CUSCO _cBIBLIOTECA MUNICIPAL DEL CUSCO |
||
| 082 |
_28 ed. _a901.1 / _bS23 / 1955 |
||
| 100 |
_aSarthou, B _928036 |
||
| 245 | _aHistoria de la civilización / | ||
| 260 |
_aBuenos Aires : _bF. V. D. _c1955. |
||
| 300 |
_a1802 paginas ; _c20 cm. |
||
| 505 | _aContenido : Civilización prehistórica -- La civilización y su concepto su fin -- Historia de la civilización -- Fuentes y auxiliares de la historia de la civilización -- Grandes divisiones de la historia de la civilización ... | ||
| 650 |
_aHistoria _9246 |
||
| 650 |
_aCivilización _91048 |
||
| 650 |
_aUniversal _918236 |
||
| 700 |
_aMourié, G. _928037 |
||
| 942 |
_2ddc _cLIBROS |
||
| 945 | _drah | ||